<?xml version="1.0" encoding="UTF-8"?>
<record
    xmlns:xsi="http://www.w3.org/2001/XMLSchema-instance"
    xsi:schemaLocation="http://www.loc.gov/MARC21/slim http://www.loc.gov/standards/marcxml/schema/MARC21slim.xsd"
    xmlns="http://www.loc.gov/MARC21/slim">

  <leader>01616nam2a2200313   4500</leader>
  <controlfield tag="001">RU\NLR\bibl\1792337</controlfield>
  <controlfield tag="005">20260406062817.0</controlfield>
  <datafield tag="010" ind1=" " ind2=" ">
    <subfield code="a">978-5-4224-0268-7</subfield>
    <subfield code="b">&#x442;. 7</subfield>
  </datafield>
  <datafield tag="021" ind1=" " ind2=" ">
    <subfield code="a">RU</subfield>
    <subfield code="b">2011-49228</subfield>
    <subfield code="9">3504</subfield>
  </datafield>
  <datafield tag="035" ind1=" " ind2=" ">
    <subfield code="a">(NLR Aleph) 001783036</subfield>
  </datafield>
  <datafield tag="090" ind1=" " ind2=" ">
    <subfield code="a">1709718</subfield>
    <subfield code="c">1709718</subfield>
  </datafield>
  <datafield tag="100" ind1=" " ind2=" ">
    <subfield code="a">20110727d2010    |||y0rusy50      ca</subfield>
  </datafield>
  <datafield tag="101" ind1="1" ind2=" ">
    <subfield code="a">rus</subfield>
    <subfield code="c">per</subfield>
  </datafield>
  <datafield tag="102" ind1=" " ind2=" ">
    <subfield code="a">RU</subfield>
  </datafield>
  <datafield tag="105" ind1=" " ind2=" ">
    <subfield code="a">y   |||||||||</subfield>
  </datafield>
  <datafield tag="200" ind1="1" ind2=" ">
    <subfield code="a">&#x428;&#x430;&#x445;&#x43D;&#x430;&#x43C;&#x435;</subfield>
    <subfield code="e">&#x43F;&#x435;&#x440;&#x441;&#x438;&#x434;&#x441;&#x43A;&#x430;&#x44F; &#x433;&#x435;&#x440;&#x43E;&#x438;&#x447;&#x435;&#x441;&#x43A;&#x430;&#x44F; &#x44D;&#x43F;&#x43E;&#x43F;&#x435;&#x44F;</subfield>
    <subfield code="e">&#x438;&#x437;&#x431;&#x440;&#x430;&#x43D;&#x43D;&#x44B;&#x435; &#x441;&#x43A;&#x430;&#x437;&#x430;&#x43D;&#x438;&#x44F;</subfield>
    <subfield code="f">&#x410;&#x431;&#x443;&#x43B;&#x44C;&#x43A;&#x430;&#x441;&#x438;&#x43C; &#x424;&#x438;&#x440;&#x434;&#x43E;&#x443;&#x441;&#x438;</subfield>
    <subfield code="g">[&#x43F;&#x435;&#x440;. &#x441; &#x444;&#x430;&#x440;&#x441;&#x438; &#x412;&#x43B;. &#x414;&#x435;&#x440;&#x436;&#x430;&#x432;&#x438;&#x43D;&#x430;, &#x421;. &#x41B;&#x438;&#x43F;&#x43A;&#x438;&#x43D;&#x430;]</subfield>
  </datafield>
  <datafield tag="210" ind1=" " ind2=" ">
    <subfield code="d">2010</subfield>
    <subfield code="a">&#x411;. &#x43C;.</subfield>
  </datafield>
  <datafield tag="215" ind1=" " ind2=" ">
    <subfield code="a">479, [1] &#x441;.</subfield>
  </datafield>
  <datafield tag="461" ind1=" " ind2="0">
    <subfield code="1">001RU\NLR\bibl\1843281</subfield>
    <subfield code="1">2001#$a&#x411;&#x438;&#x431;&#x43B;&#x438;&#x43E;&#x442;&#x435;&#x43A;&#x430; &#x433;&#x435;&#x440;&#x43E;&#x438;&#x447;&#x435;&#x441;&#x43A;&#x43E;&#x433;&#x43E; &#x44D;&#x43F;&#x43E;&#x441;&#x430;$v[&#x422;.] 7</subfield>
    <subfield code="9">2175149</subfield>
    <subfield code="c">&#x41C;&#x43E;&#x441;&#x43A;&#x432;&#x430;</subfield>
    <subfield code="d">2010</subfield>
    <subfield code="f">[&#x441;&#x43E;&#x441;&#x442;.: &#x415;. &#x41A;&#x443;&#x437;&#x43D;&#x435;&#x446; &#x438; &#x434;&#x440;.</subfield>
    <subfield code="n">&#x41A;&#x43D;&#x438;&#x436;&#x43D;&#x44B;&#x439; &#x41A;&#x43B;&#x443;&#x431; &#x41A;&#x43D;&#x438;&#x433;&#x43E;&#x432;&#x435;&#x43A;</subfield>
    <subfield code="o">&#x432; 10 &#x442;.</subfield>
    <subfield code="t">&#x411;&#x438;&#x431;&#x43B;&#x438;&#x43E;&#x442;&#x435;&#x43A;&#x430; &#x433;&#x435;&#x440;&#x43E;&#x438;&#x447;&#x435;&#x441;&#x43A;&#x43E;&#x433;&#x43E; &#x44D;&#x43F;&#x43E;&#x441;&#x430;</subfield>
    <subfield code="y">9785422402618</subfield>
    <subfield code="v">[&#x422;.] 7</subfield>
  </datafield>
  <datafield tag="604" ind1=" " ind2=" ">
    <subfield code="1">700#1$a&#x424;&#x438;&#x440;&#x434;&#x43E;&#x443;&#x441;&#x438;$b&#x410;.$f&#x43E;&#x43A;.940 - 1020$g&#x410;&#x431;&#x443;&#x43B;&#x44C;&#x43A;&#x430;&#x441;&#x438;&#x43C;</subfield>
    <subfield code="1">500##$a"&#x428;&#x430;&#x445;&#x43D;&#x430;&#x43C;&#x435;"$2nlr_sh2$3RU\NLR\AUTH\661556703</subfield>
    <subfield code="a">&#x424;&#x438;&#x440;&#x434;&#x43E;&#x443;&#x441;&#x438;, &#x410;&#x431;&#x443;&#x43B;&#x44C;&#x43A;&#x430;&#x441;&#x438;&#x43C; (&#x43E;&#x43A;.940 - 1020)</subfield>
    <subfield code="t">"&#x428;&#x430;&#x445;&#x43D;&#x430;&#x43C;&#x435;"</subfield>
    <subfield code="9">2620143</subfield>
    <subfield code="3">RU\NLR\AUTH\661556703</subfield>
  </datafield>
  <datafield tag="686" ind1=" " ind2=" ">
    <subfield code="a">&#x428;5(0)952.314-4&#x424;&#x438;&#x440;&#x434;&#x43E;&#x443;&#x441;&#x438;</subfield>
  </datafield>
  <datafield tag="701" ind1=" " ind2="1">
    <subfield code="4">070</subfield>
    <subfield code="8">rus</subfield>
    <subfield code="7">ca</subfield>
    <subfield code="a">&#x424;&#x438;&#x440;&#x434;&#x43E;&#x443;&#x441;&#x438;</subfield>
    <subfield code="b">&#x410;.</subfield>
    <subfield code="f">&#x43E;&#x43A;.940-1020</subfield>
    <subfield code="g">&#x410;&#x431;&#x443;&#x43B;&#x44C;&#x43A;&#x430;&#x441;&#x438;&#x43C;</subfield>
    <subfield code="3">RU\NLR\auth\7712948</subfield>
    <subfield code="9">122656</subfield>
  </datafield>
  <datafield tag="702" ind1=" " ind2="1">
    <subfield code="a">&#x414;&#x435;&#x440;&#x436;&#x430;&#x432;&#x438;&#x43D;</subfield>
    <subfield code="b">&#x412;.</subfield>
    <subfield code="g">&#x412;&#x43B;&#x430;&#x434;&#x438;&#x43C;&#x438;&#x440;</subfield>
    <subfield code="4">730</subfield>
  </datafield>
  <datafield tag="801" ind1=" " ind2="0">
    <subfield code="a">RU</subfield>
    <subfield code="b">NLR</subfield>
    <subfield code="c">20110727</subfield>
    <subfield code="g">RCR</subfield>
  </datafield>
  <datafield tag="801" ind1=" " ind2="1">
    <subfield code="a">RU</subfield>
    <subfield code="b">NLR</subfield>
    <subfield code="c">20110727</subfield>
  </datafield>
  <datafield tag="942" ind1=" " ind2=" ">
    <subfield code="c">BOOK</subfield>
  </datafield>
  <datafield tag="980" ind1=" " ind2=" ">
    <subfield code="a">NB</subfield>
  </datafield>
  <datafield tag="995" ind1=" " ind2=" ">
    <subfield code="5">2011-07-27</subfield>
    <subfield code="a">ad</subfield>
    <subfield code="b">NLR01</subfield>
    <subfield code="c">NLR01</subfield>
    <subfield code="e">RF8</subfield>
    <subfield code="f">1-2229783</subfield>
    <subfield code="k">2011-3/23324</subfield>
    <subfield code="o">0</subfield>
    <subfield code="r">BOOK</subfield>
    <subfield code="s">2011323324_</subfield>
  </datafield>
  <datafield tag="995" ind1=" " ind2=" ">
    <subfield code="5">2011-07-27</subfield>
    <subfield code="a">ad</subfield>
    <subfield code="b">NLR01</subfield>
    <subfield code="c">NLR01</subfield>
    <subfield code="e">RF8</subfield>
    <subfield code="f">3459112</subfield>
    <subfield code="k">2011-3/23324</subfield>
    <subfield code="o">0</subfield>
    <subfield code="r">BOOK</subfield>
    <subfield code="s">2011323324_</subfield>
  </datafield>
</record>
